000 01405nam a2200385 a 4500
001 25986
003 CO-ViMGA
005 20230915232141.0
006 Mimo0002236317
008 141112s2004 ck r 000 u spa d
015 _aMON0708 - 52707 MON0708 - 50771
016 _abimoBNE20070571115 SpMaBN
017 _aB 2814 - 2007 Oficina Depósito Legal Barcelona
020 _a9788493521240
035 _a(OCoLC)122937029
040 _aCO-ViMGA
_bspa
_cCO-ViMGA
041 _aspa
_beng
080 _a929 O'Kelly, Eugene
082 0 4 _a155.934 O42m
100 1 _aO'Kelly, Eugene
_940559
240 _aChasing daylight Español
245 1 0 _aMomentos perfectos :
_bcómo mi muerte inminente me transformó la vida. el relato final Eugene O'Kelly con Andrew Postman ; [traducción, EdiDe]
260 _a[Barcelona] Alienta [2007]
300 _a153 p. 22 cm
490 _aAlienta optimiza n. 5
500 _a"Premio al mejor libro 2006, Financial Times" - - Cub.
594 _aTraducción de : Chasing daylight
600 _aO'Kelly, Eugene embne
_940560
650 1 4 _aMuerte - Aspectos psicológicos
_97039
700 1 _aPostman, Andrew
_940561
926 _aBNALCALA SG_PETANTI 12/447237 FONDO_MODE 1
942 _2ddc
_cBK
956 _a2
980 _a017. B 2814 - 2007 020. 978 - 84 - 935212 - 4 - 0 (ISBN único) 852. 40 M - BN BNALCALA MO05214657 12/447237 DG ALCALA
999 _c33220
_d33220